Miller y Freund : (Registro nro. 68503)
[ vista simple ]
| 000 -LEADER | |
|---|---|
| fixed length control field | 01414nam a2200337 i 4500 |
| 001 - CONTROL NUMBER | |
| control field | 68503 |
| 003 - CONTROL NUMBER IDENTIFIER | |
| control field | Mx-PuUPA |
| 005 - DATE AND TIME OF LATEST TRANSACTION | |
| control field | 20240410104258.0 |
| 008 - FIXED-LENGTH DATA ELEMENTS--GENERAL INFORMATION | |
| fixed length control field | 200110s2012 mx d|||gr|||| 001 0 spa d |
| 020 ## - INTERNATIONAL STANDARD BOOK NUMBER | |
| International Standard Book Number | 9786073207997 |
| 040 ## - CATALOGING SOURCE | |
| Original cataloging agency | Mx-PuUPA |
| Language of cataloging | spa |
| Transcribing agency | Mx-PuUPA |
| Modifying agency | Mx-PuUPA |
| Description conventions | rda |
| 041 1# - LANGUAGE CODE | |
| Language code of text/sound track or separate title | spa |
| Language code of original | eng |
| 100 1# - MAIN ENTRY--PERSONAL NAME | |
| Personal name | Johnson, Richard A. |
| Dates associated with a name | 1937- |
| Fuller form of name | (Richard Arnold), |
| Relator term | autor |
| 240 10 - UNIFORM TITLE | |
| Uniform title | Miller & Freund's probability and statistics for engineers. |
| Language of a work | Español |
| 245 10 - TITLE STATEMENT | |
| Title | Miller y Freund : |
| Remainder of title | probabilidad y estadística para ingenieros / |
| Statement of responsibility, etc. | Richard A. Johnson ; traducción, Víctor Campos Olguín |
| 250 ## - EDITION STATEMENT | |
| Edition statement | Octava edición |
| 264 #4 - PRODUCTION, PUBLICATION, DISTRIBUTION, MANUFACTURE, AND COPYRIGHT NOTICE | |
| Place of production, publication, distribution, manufacture | Ciudad de México : |
| Name of producer, publisher, distributor, manufacturer | Pearson Educación de México, |
| Date of production, publication, distribution, manufacture, or copyright notice | 2012 |
| 300 ## - PHYSICAL DESCRIPTION | |
| Extent | x, 541 páginas : |
| Other physical details | gráficas ; |
| Dimensions | 26 cm |
| 336 ## - CONTENT TYPE | |
| Fuente | rdacontent |
| Content type term | texto |
| Content type code | txt |
| 337 ## - MEDIA TYPE | |
| Source | rdamedia |
| Media type term | sin medio |
| Media type code | n |
| 338 ## - CARRIER TYPE | |
| Source | rdacarrier |
| Carrier type term | volumen |
| Carrier type code | nc |
| 650 #4 - SUBJECT ADDED ENTRY--TOPICAL TERM | |
| Topical term or geographic name entry element | Ingeniería |
| General subdivision | Métodos estadísticos |
| 650 #4 - SUBJECT ADDED ENTRY--TOPICAL TERM | |
| Topical term or geographic name entry element | Probabilidades |
| 650 #4 - SUBJECT ADDED ENTRY--TOPICAL TERM | |
| Topical term or geographic name entry element | Estadística |
| 700 1# - ADDED ENTRY--PERSONAL NAME | |
| Personal name | Campos Olguín, Víctor, |
| Relator term | traductor |
| 765 08 - ORIGINAL LANGUAGE ENTRY | |
| Main entry heading | Johnson, Richard A. (Richard Arnold), 1937- |
| Title | Miller & Freund's probability and statistics for engineers |
| Edition | 8th edition |
| Place, publisher, and date of publication | Boston ; Montreal : Prentice Hall, ©2011 |
| International Standard Book Number | 9780321640772 |
| 942 ## - ADDED ENTRY ELEMENTS (KOHA) | |
| Source of classification or shelving scheme | Dewey Decimal Classification |
| Koha item type | Libro |
| Classification part | 519.2 |
| Item part | J65 |
| Withdrawn status | Lost status | Source of classification or shelving scheme | Damaged status | Not for loan | Collection code | Home library | Current library | Shelving location | Date acquired | Source of acquisition | Cost, normal purchase price | Total Checkouts | Full call number | Barcode | Date last seen | Date last checked out | Cost, replacement price | Price effective from | Koha item type | Copy number |
|---|---|---|---|---|---|---|---|---|---|---|---|---|---|---|---|---|---|---|---|---|
| Dewey Decimal Classification | General | Biblioteca Karol Wojtyla | Biblioteca Karol Wojtyla | Sala general | 17/08/2021 | 1 | 450.00 | 3 | 519.2 J65 2012 | 100636 | 05/01/2026 | 18/10/2024 | 450.00 | 17/08/2021 | Libro | |||||
| Dewey Decimal Classification | General | Biblioteca Karol Wojtyla | Biblioteca Karol Wojtyla | Sala general | 17/08/2021 | 1 | 450.00 | 1 | 519.2 J65 2012 | 100637 | 05/01/2026 | 21/11/2023 | 450.00 | 17/08/2021 | Libro | Ej.2 |